| Поле | Инд. | ПП | Название | Значение |
|---|---|---|---|---|
| Тип записи | a | |||
| Библиографический уровень | m | |||
| 001 | Контрольный номер | RU/IS/BASE/318592104 | ||
| 005 | Дата корректировки | 20140703184012.3 | ||
| 020 | a | ISBN | 978-5-8465-0749-4 | |
| 040 | a | Служба первич. каталог. | НБ ТвГУ | |
| b | Код языка каталог. | rus | ||
| e | Правила каталог. | PSBO | ||
| 041 | 0_ | a | Код языка текста | rus |
| 080 | a | Индекс УДК | 930.27(47) | |
| 084 | a | Индекс другой классификации/Индекс ББК | Т229(2)4 | |
| a | Индекс другой классификации/Индекс ББК | Т444(2) | ||
| 090 | a | Полочн. индекс | Т229(2) | |
| x | Авторский знак | Л 55 | ||
| 100 | 1_ | a | Автор | Лившиц Владимир Аронович |
| q | Полное имя | Лившиц В. А. | ||
| 245 | 10 | a | Заглавие | Согдийская эпиграфика Средней Азии и Семиречья |
| b | Продолж. заглавия | [исследования] | ||
| 260 | a | Место издания | Санкт-Петербург | |
| b | Издательство | Филологический факультет СПбГУ | ||
| c | Дата издания | 2008 | ||
| 300 | a | Объем | 414 с. | |
| b | Иллюстрации/ тип воспроизводства | ил., табл. | ||
| 440 | a | Серия | Азиатика | |
| 504 | a | Библиография | Библиогр.: с. 389-408 и в подстроч. примеч. | |
| 650 | a | Основная рубрика | Археология | |
| y | Хронологическая подрубрика | 10-11 вв. | ||
| z | Географическая подрубрика | Средняя Азия | ||
| 650 | 14 | a | Основная рубрика | Археологические памятники |
| 650 | 14 | a | Основная рубрика | Эпиграфика согдийская |
| z | Географическая подрубрика | Самарканд древний | ||
| z | Географическая подрубрика | Семиречье | ||
| 653 | a | Ключевые слова | Археологические памятники | |
| a | Ключевые слова | Археология России | ||
| a | Ключевые слова | Древний Самарканд | ||
| a | Ключевые слова | Самарканд | ||
| a | Ключевые слова | Семиречье | ||
| a | Ключевые слова | Согдийская эпиграфика | ||
| a | Ключевые слова | Согдийские надписи | ||
| a | Ключевые слова | Эпиграфика Средней Азии | ||
| 920 | a | Оператор | Густ | |
| 952 | c | Вид литературы | К рн | |
| 954 | a | Дата поступления на обработку | 20100212 |